[Event "Montcalm 3 2016-17"]
[Site "Quebec CAN"]
[Date "2016.12.15"]
[Round "5"]
[White "Garcia, Carlos"]
[Black "Cummins, Paul"]
[Result "0-1"]
[WhiteElo "1852"]
[BlackElo "1730"]
[PlyCount "80"]
[EventDate "2016.11.17"]
[EventType "swiss"]
[EventRounds "5"]
[EventCountry "CAN"]

1. e4 e6 2. d3 d5 3. Nd2 c5 4. Ngf3 Nc6 5. g3 Bd6 6. Bg2 Nge7 7. O-O Qc7 8. c3
b6 9. Re1 O-O 10. Qe2 Ng6 11. h4 Bb7 12. h5 Nge5 13. Nxe5 Nxe5 14. f4 Nd7 15.
e5 Be7 16. Qg4 Rae8 17. Nf3 d4 18. h6 g6 19. Ng5 Bxg5 20. Qxg5 Bxg2 21. Kxg2
Qc6+ 22. Kf2 dxc3 23. bxc3 f6 24. exf6 Nxf6 25. c4 e5 26. Bb2 Nd7 27. Re4 Rf5
28. Qh4 Rh5 29. Qxh5 gxh5 30. fxe5 Qe6 31. Kg2 Rf8 32. Rae1 Nb8 33. Bc1 Nc6 34.
a3 Nd4 35. Rh1 Rf5 36. Bf4 Qc6 37. Kh3 Ne6 38. Rhe1 Qd7 39. R1e3 Qa4 40. Kh4
Qd1 0-1

[Event "Montcalm 3 2016-17"]
[Site "Quebec CAN"]
[Date "2016.12.15"]
[Round "5"]
[White "Lamontagne, Danny"]
[Black "Cournoyer, Dominic"]
[Result "1/2-1/2"]
[WhiteElo "1902"]
[BlackElo "1943"]
[PlyCount "54"]
[EventDate "2016.11.17"]
[EventType "swiss"]
[EventRounds "5"]
[EventCountry "CAN"]

1. e4 d5 2. exd5 Nf6 3. Nf3 Nxd5 4. d4 Bg4 5. h3 Bh5 6. g4 Bg6 7. Ne5 e6 8. c4
Nb6 9. Nc3 Bb4 10. a3 Be4 11. Rg1 Bxc3+ 12. bxc3 N8d7 13. Bf4 Nxe5 14. Bxe5 O-O
15. Qe2 Bc6 16. g5 Nd7 17. h4 Nxe5 18. Qxe5 Qd6 19. Qxd6 cxd6 20. Bd3 e5 21. d5
Be8 22. f4 exf4 23. Rf1 f5 24. Rxf4 Bd7 25. Kd2 g6 26. Re1 Rfe8 27. Rxe8+ Rxe8
1/2-1/2

[Event "Montcalm 3 2016-17"]
[Site "Quebec CAN"]
[Date "2016.12.15"]
[Round "5"]
[White "Lessard, Claude"]
[Black "Caire, Francois"]
[Result "1-0"]
[WhiteElo "2148"]
[BlackElo "2250"]
[PlyCount "39"]
[EventDate "2016.11.17"]
[EventType "swiss"]
[EventRounds "5"]
[EventCountry "CAN"]

1. d4 Nf6 2. c4 e6 3. Nf3 d5 4. g3 dxc4 5. Bg2 a6 6. O-O Nc6 7. Nc3 Rb8 8. e4
b5 9. d5 Nb4 10. b3 exd5 11. exd5 Be7 12. bxc4 bxc4 13. Ne5 Bd7 14. Nxc4 Bb5
15. Nxb5 Rxb5 16. d6 cxd6 17. a3 d5 18. axb4 dxc4 19. Bc6+ Nd7 20. Rxa6 1-0

[Event "Montcalm 3 2016-17"]
[Site "Quebec CAN"]
[Date "2016.12.15"]
[Round "5"]
[White "Sarra-Bournet, Marc"]
[Black "Leblanc-Legault, Mathieu"]
[Result "1-0"]
[WhiteElo "1844"]
[BlackElo "1728"]
[PlyCount "77"]
[EventDate "2016.11.17"]
[EventType "swiss"]
[EventRounds "5"]
[EventCountry "CAN"]

1. e4 c6 2. d4 d5 3. Nc3 dxe4 4. Nxe4 Bf5 5. Ng3 Bg6 6. h4 h6 7. h5 Bh7 8. Nf3
Nd7 9. Bd3 Bxd3 10. Qxd3 Qc7 11. Bd2 e6 12. O-O-O Ngf6 13. Rde1 Bd6 14. Nf5
O-O-O 15. Nxd6+ Qxd6 16. Rh4 Rhe8 17. Ba5 b6 18. Qa6+ Kb8 19. Bc3 Qd5 20. Ne5
Nxe5 21. dxe5 Nh7 22. Ra4 Re7 23. Rd4 Qxd4 24. Bxd4 Rxd4 25. Qa3 Red7 26. Qg3
Ng5 27. f4 Ne4 28. Qxg7 Nf2 29. b3 Rxf4 30. Qxh6 Rf5 31. Qf8+ Kc7 32. h6 Rh5
33. Qg7 f5 34. exf6 Rxg7 35. fxg7 Rg5 36. h7 Rxg7 37. h8=Q Rxg2 38. Qe5+ Kb7
39. Qxe6 1-0

[Event "Montcalm IV 2015-16"]
[Site "Quebec CAN"]
[Date "2016.01.14"]
[Round "1"]
[White "Abran, David"]
[Black "Lamontagne, Danny"]
[Result "1-0"]
[WhiteElo "1809"]
[BlackElo "1828"]
[PlyCount "43"]
[EventDate "2016.01.14"]
[EventType "swiss"]
[EventRounds "5"]
[EventCountry "CAN"]

1. c4 g6 2. Nc3 Bg7 3. g3 c5 4. Bg2 Nf6 5. Nf3 Nc6 6. d4 cxd4 7. Nxd4 O-O 8.
O-O Nxd4 9. Qxd4 d6 10. Qd3 a6 11. e4 Qc7 12. Be3 Be6 13. Nd5 Bxd5 14. cxd5 Ng4
15. Rac1 Qa5 16. Bd4 Bxd4 17. Qxd4 Rac8 18. a3 Rc7 19. b4 e5 20. bxa5 Rxc1 21.
Qb2 Rxf1+ 22. Bxf1 1-0

[Event "Montcalm IV 2015-16"]
[Site "Quebec CAN"]
[Date "2016.01.14"]
[Round "1"]
[White "Cournoyer, Dominic"]
[Black "Beaudoin, Stephane"]
[Result "1/2-1/2"]
[WhiteElo "1992"]
[BlackElo "2153"]
[PlyCount "63"]
[EventDate "2016.01.14"]
[EventType "swiss"]
[EventRounds "5"]
[EventCountry "CAN"]

1. c4 Nf6 2. Nc3 g6 3. Nf3 Bg7 4. g3 O-O 5. Bg2 d6 6. O-O e5 7. d4 exd4 8. Nxd4
Nbd7 9. b3 Nc5 10. Bb2 Ne6 11. Qd2 Nxd4 12. Qxd4 Ng4 13. Qd2 Re8 14. Rad1 c6
15. Ne4 Bxb2 16. Qxb2 d5 17. cxd5 cxd5 18. h3 Bf5 19. Nc3 Nf6 20. Nxd5 Nxd5 21.
Rxd5 Qe7 22. e3 Rac8 23. Rd2 Rc5 24. Rfd1 b6 25. Qd4 Qe6 26. g4 Bc2 27. Rc1
Rec8 28. Qd6 Qe8 29. Qd7 Qe5 30. Qd4 Qe7 31. Qd7 Qe5 32. Qd4 1/2-1/2

[Event "Montcalm IV 2015-16"]
[Site "Quebec CAN"]
[Date "2016.01.14"]
[Round "1"]
[White "Garneau, Benoit"]
[Black "Bahadi, Khalid"]
[Result "1/2-1/2"]
[WhiteElo "1809"]
[BlackElo "1976"]
[PlyCount "74"]
[EventDate "2016.01.14"]
[EventType "swiss"]
[EventRounds "5"]
[EventCountry "CAN"]

1. Nf3 d5 2. g3 Nd7 3. d4 Ngf6 4. Bg2 e6 5. O-O Be7 6. c4 c6 7. Nbd2 O-O 8. b3
Re8 9. Bb2 Rb8 10. Qc2 b6 11. Ne5 Bb7 12. Rfd1 c5 13. e4 Rc8 14. Nxd7 Qxd7 15.
dxc5 bxc5 16. e5 Ng4 17. cxd5 exd5 18. Bh3 d4 19. f3 Ne3 20. Bxd7 Nxc2 21. Bxc8
Rxc8 22. Rac1 Ne3 23. Re1 Bf8 24. b4 Nd5 25. bxc5 Nb4 26. Bxd4 Rd8 27. Be3 Nd3
28. Nb3 Nxe5 29. Na5 Nxf3+ 30. Kf2 Nxe1 31. Nxb7 Nd3+ 32. Kf1 Re8 33. Rd1 Rxe3
34. c6 Ne5 35. Rc1 Nxc6 36. Rxc6 Ra3 37. Rc2 g6 1/2-1/2

[Event "Montcalm IV 2015-16"]
[Site "Quebec CAN"]
[Date "2016.01.14"]
[Round "1"]
[White "Gaulin, Gaetan"]
[Black "Plante, Rejean"]
[Result "1/2-1/2"]
[WhiteElo "2020"]
[BlackElo "2084"]
[PlyCount "110"]
[EventDate "2016.01.14"]
[EventType "swiss"]
[EventRounds "5"]
[EventCountry "CAN"]

1. c4 g6 2. Nc3 Bg7 3. g3 d6 4. Bg2 c5 5. Nf3 Nc6 6. O-O e6 7. e3 Nge7 8. d4
O-O 9. dxc5 dxc5 10. Qe2 b6 11. Rd1 Qc7 12. Bd2 a6 13. Be1 Bb7 14. Rac1 Rfd8
15. b3 h6 16. a3 Rac8 17. Qc2 Na7 18. Rxd8+ Rxd8 19. Rd1 f5 20. Rxd8+ Qxd8 21.
Nd2 Nac6 22. h4 Qc7 23. Ndb1 Ne5 24. Qe2 Bc6 25. f4 Ng4 26. Bd2 Qd7 27. Nd1 e5
28. Nf2 Bxg2 29. Kxg2 Qc6+ 30. Qf3 Qxf3+ 31. Kxf3 h5 32. Nxg4 hxg4+ 33. Ke2 Nc6
34. Nc3 exf4 35. gxf4 Na5 36. Nd5 Nxb3 37. Nxb6 Kf7 38. Be1 Bb2 39. a4 Bf6 40.
Nd5 Bd8 41. Bf2 Ke6 42. Kd3 Ba5 43. Nc3 Bc7 44. Kc2 Na5 45. Kd3 Nc6 46. Nd5 Ba5
47. Kc2 Ne7 48. Nxe7 Kxe7 49. Kd3 Bc7 50. Bg3 Kf6 51. e4 Ke6 52. e5 Bd8 53. Be1
Be7 54. Bf2 Kd7 55. Kc2 Kc6 1/2-1/2

[Event "Montcalm IV 2015-16"]
[Site "Quebec CAN"]
[Date "2016.01.14"]
[Round "1"]
[White "Lessard, Claude"]
[Black "Fecteau, Martin"]
[Result "1-0"]
[WhiteElo "2004"]
[BlackElo "2006"]
[PlyCount "57"]
[EventDate "2016.01.14"]
[EventType "swiss"]
[EventRounds "5"]
[EventCountry "CAN"]

1. d4 d5 2. c4 c6 3. Nf3 Nf6 4. Nc3 e6 5. e3 Nbd7 6. cxd5 exd5 7. Bd3 Bd6 8.
O-O O-O 9. a3 Re8 10. b4 Ne4 11. Ne2 Ndf6 12. Bb2 Bf5 13. Ne5 Bd7 14. Ng3 Nxg3
15. hxg3 a6 16. Rc1 g6 17. f4 Ne4 18. Bxe4 dxe4 19. d5 Bxe5 20. fxe5 cxd5 21.
Qxd5 Be6 22. Qxe4 Qd5 23. Qh4 Rac8 24. Rcd1 Qb3 25. Bd4 Qxa3 26. Rxf7 Bxf7 27.
e6 Qb3 28. Rf1 Rxe6 29. Qh6 1-0

[Event "Montcalm IV 2015-16"]
[Site "Quebec CAN"]
[Date "2016.01.14"]
[Round "1"]
[White "Sarra-Bournet, Marc"]
[Black "Dube, Daniel"]
[Result "0-1"]
[WhiteElo "1856"]
[BlackElo "1960"]
[PlyCount "60"]
[EventDate "2016.01.14"]
[EventType "swiss"]
[EventRounds "5"]
[EventCountry "CAN"]

1. e4 c5 2. Nc3 Nc6 3. f4 e6 4. Nf3 d5 5. Bb5 dxe4 6. Nxe4 Bd7 7. O-O a6 8.
Bxc6 Bxc6 9. Qe2 Nf6 10. Neg5 h6 11. Nxf7 Kxf7 12. Ne5+ Kg8 13. Nxc6 bxc6 14.
Qxe6+ Kh7 15. Qf5+ g6 16. Qe6 Qd4+ 17. Kh1 Re8 18. Qf7+ Bg7 19. h3 Rhf8 20. Qb3
Nh5 21. f5 Rxf5 22. Rd1 Ref8 23. Qe3 Rf1+ 24. Rxf1 Rxf1+ 25. Kh2 Be5+ 26. g3
Bxg3+ 27. Kg2 Rf2+ 28. Kg1 Qd5 29. Qxf2 Bxf2+ 30. Kxf2 Qd4+ 0-1

[Event "Montcalm IV 2015-16"]
[Site "Quebec CAN"]
[Date "2016.01.21"]
[Round "2"]
[White "Bahadi, Khalid"]
[Black "Dube, Daniel"]
[Result "1-0"]
[WhiteElo "1976"]
[BlackElo "1960"]
[PlyCount "123"]
[EventDate "2016.01.14"]
[EventType "swiss"]
[EventRounds "5"]
[EventCountry "CAN"]

1. e4 e5 2. Nf3 Nc6 3. Bc4 Nf6 4. O-O Nxe4 5. d4 d5 6. Re1 dxc4 7. Rxe4 Bf5 8.
Re1 e4 9. d5 Be7 10. Ng5 Bxg5 11. Bxg5 Qxg5 12. dxc6 O-O 13. cxb7 Bh3 14. g3
Rad8 15. Qe2 e3 16. Qxe3 Qd5 17. f3 Qxb7 18. b3 Qc6 19. Na3 Rfe8 20. Qf2 Rxe1+
21. Rxe1 cxb3 22. axb3 Qb6 23. Nc4 Qf6 24. Ne5 h5 25. Qxa7 h4 26. Qe3 hxg3 27.
hxg3 Re8 28. Kh2 Be6 29. c4 g6 30. Kg2 Ra8 31. Qd2 Qh8 32. g4 Qf6 33. Kg3 Rd8
34. Qf4 Qxf4+ 35. Kxf4 Rb8 36. Re3 Kg7 37. Nc6 Rh8 38. Nd4 Kf6 39. Re5 Rd8 40.
g5+ Kg7 41. Nxe6+ fxe6 42. Rxe6 Rb8 43. Re7+ Kf8 44. Rxc7 Rxb3 45. c5 Rc3 46.
Ke4 Ke8 47. f4 Rc4+ 48. Ke5 Kd8 49. Rc6 Kd7 50. Rxg6 Rxc5+ 51. Kf6 Rc6+ 52. Kf7
Rc5 53. Rf6 Rc7 54. g6 Kd8+ 55. Kg8 Rc1 56. g7 Ke7 57. Rf7+ Ke8 58. Kh7 Rh1+
59. Kg6 Rg1+ 60. Kf6 Rg4 61. Ra7 Rg1 62. g8=Q+ 1-0

[Event "Montcalm IV 2015-16"]
[Site "Quebec CAN"]
[Date "2016.01.21"]
[Round "2"]
[White "Beaudoin, Stephane"]
[Black "Plante, Rejean"]
[Result "1/2-1/2"]
[WhiteElo "2153"]
[BlackElo "2084"]
[PlyCount "64"]
[EventDate "2016.01.14"]
[EventType "swiss"]
[EventRounds "5"]
[EventCountry "CAN"]

1. e4 c5 2. Nf3 e6 3. d4 cxd4 4. Nxd4 a6 5. Nc3 Qc7 6. Be2 Nf6 7. O-O Nc6 8.
Be3 Be7 9. f4 d6 10. Bf3 Bd7 11. Qe1 Nxd4 12. Bxd4 e5 13. Be3 b5 14. Qg3 Rg8
15. fxe5 dxe5 16. Nd5 Nxd5 17. exd5 Bd6 18. Be4 g6 19. Rf6 Bc5 20. d6 Bxe3+ 21.
Qxe3 Qa7 22. Qxa7 Rxa7 23. Bd5 Bf5 24. Re1 Kf8 25. Rxe5 Kg7 26. Rfxf5 gxf5 27.
Bc6 Kf6 28. Re2 Rd8 29. d7 Rc7 30. Re8 Rdxd7 31. Bxd7 Rxd7 32. Rc8 Rd6 1/2-1/2

[Event "Montcalm IV 2015-16"]
[Site "Quebec CAN"]
[Date "2016.01.21"]
[Round "2"]
[White "Cournoyer, Dominic"]
[Black "Lessard, Claude"]
[Result "1/2-1/2"]
[WhiteElo "1992"]
[BlackElo "2004"]
[PlyCount "99"]
[EventDate "2016.01.14"]
[EventType "swiss"]
[EventRounds "5"]
[EventCountry "CAN"]

1. Nf3 Nf6 2. c4 c5 3. d4 cxd4 4. Nxd4 Nc6 5. Nc3 g6 6. Nxc6 bxc6 7. g3 Qa5 8.
Bg2 Bg7 9. O-O O-O 10. Bd2 Qh5 11. e4 Qe5 12. Qc2 d6 13. Ne2 Ba6 14. Bc3 Qc5
15. b3 e5 16. Nc1 Rfd8 17. Nd3 Qb6 18. Qd2 Qb8 19. Ba5 Re8 20. Rad1 c5 21. Nc1
Bf8 22. Ne2 Bc8 23. Nc3 a6 24. Rfe1 Bg4 25. f3 Be6 26. Na4 Ra7 27. Nc3 Qc8 28.
Qe3 Kg7 29. Rd2 Ng8 30. Nd5 Bxd5 31. Rxd5 Ne7 32. Rdd1 Nc6 33. Bc3 Nd4 34. Qf2
a5 35. f4 f6 36. fxe5 fxe5 37. Rf1 Qe6 38. Rd3 Rf7 39. Qxf7+ Qxf7 40. Rxf7+
Kxf7 41. Bh3 Bh6 42. Kf2 Ke7 43. Bxd4 exd4 44. Bg2 Be3+ 45. Ke2 Rf8 46. Bf3 Ke6
47. Rd1 a4 48. Rf1 axb3 49. Bg4+ Ke7 50. Rxf8 1/2-1/2

[Event "Montcalm IV 2015-16"]
[Site "Quebec CAN"]
[Date "2016.01.21"]
[Round "2"]
[White "Doyon, Stephane"]
[Black "Gingras, Philippe"]
[Result "1/2-1/2"]
[WhiteElo "1808"]
[BlackElo "1798"]
[PlyCount "75"]
[EventDate "2016.01.14"]
[EventType "swiss"]
[EventRounds "5"]
[EventCountry "CAN"]

1. e4 g6 2. d4 Bg7 3. Nc3 c6 4. f4 d5 5. e5 Nh6 6. Bd3 Bg4 7. Nce2 c5 8. c3
cxd4 9. cxd4 Nc6 10. h3 Bf5 11. Nf3 Bxd3 12. Qxd3 e6 13. O-O O-O 14. Be3 Nf5
15. Bf2 Rc8 16. Rfc1 Qb6 17. g4 Nfe7 18. Bh4 Rfe8 19. a3 Bf8 20. b4 a6 21. Nc3
Qa7 22. Rc2 b5 23. Rac1 Qb7 24. Nd2 Nxb4 25. axb4 Nc6 26. Na2 Bxb4 27. Rxc6
Rxc6 28. Rxc6 Qxc6 29. Nxb4 Qc1+ 30. Nf1 Qa1 31. Nc6 Kf8 32. Qc2 Kg8 33. Bf6 h6
34. Kg2 Kh7 35. Nd2 Rc8 36. Nb3 Qe1 37. Be7 Rxc6 38. Qxc6 1/2-1/2

[Event "Montcalm IV 2015-16"]
[Site "Quebec CAN"]
[Date "2016.01.21"]
[Round "2"]
[White "Fecteau, Martin"]
[Black "Gaulin, Gaetan"]
[Result "1/2-1/2"]
[WhiteElo "2006"]
[BlackElo "2020"]
[PlyCount "64"]
[EventDate "2016.01.14"]
[EventType "swiss"]
[EventRounds "5"]
[EventCountry "CAN"]

1. Nf3 Nf6 2. d4 e6 3. c4 d5 4. e3 Be7 5. Bd3 O-O 6. Nc3 Nbd7 7. O-O a6 8. b3
c5 9. Bb2 dxc4 10. bxc4 Qc7 11. d5 Ne5 12. Nxe5 Qxe5 13. Na4 Qc7 14. e4 exd5
15. exd5 Ng4 16. g3 Bf6 17. Bxf6 Nxf6 18. Nc3 Bh3 19. Re1 Rfe8 20. Ne4 Nxe4 21.
Bxe4 Qd7 22. Qc2 g6 23. a4 Re7 24. Bg2 Rxe1+ 25. Rxe1 Bxg2 26. Kxg2 b5 27. Qe4
bxc4 28. Qxc4 Qd6 29. Rc1 Rc8 30. Rb1 Rd8 31. Rd1 Rb8 32. Rc1 Rc8 1/2-1/2

[Event "Montcalm IV 2015-16"]
[Site "Quebec CAN"]
[Date "2016.01.21"]
[Round "2"]
[White "Garneau, Benoit"]
[Black "Abran, David"]
[Result "1/2-1/2"]
[WhiteElo "1809"]
[BlackElo "1809"]
[PlyCount "95"]
[EventDate "2016.01.14"]
[EventType "swiss"]
[EventRounds "5"]
[EventCountry "CAN"]

1. e4 c5 2. Nf3 d6 3. d4 cxd4 4. Nxd4 Nf6 5. Nc3 a6 6. h3 e5 7. Nde2 Be6 8. g4
h6 9. Bg2 Nbd7 10. Be3 Nb6 11. b3 Qc7 12. Nd5 Nbxd5 13. exd5 Nxd5 14. Bd2 Be7
15. c4 Nf6 16. Nc3 Rd8 17. Rc1 Qb8 18. Nd5 Nxd5 19. cxd5 Bd7 20. O-O O-O 21.
Be3 f5 22. gxf5 Bxf5 23. Qh5 Kh7 24. Rc4 Rc8 25. Be4 Bxe4 26. Rxe4 Rf6 27. Rg4
Rcf8 28. Kh1 Qe8 29. Qh4 Qf7 30. Rfg1 Rg8 31. Bg5 Qxd5+ 32. Kh2 Rxf2+ 33. Qxf2
Bxg5 34. Rxg5 hxg5 35. Qf5+ g6 36. Qxg5 Qf7 37. Rg4 Kg7 38. h4 Rf8 39. h5 Qf2+
40. Rg2 Qf4+ 41. Qxf4 Rxf4 42. Rxg6+ Kh7 43. Rxd6 Rf2+ 44. Kg3 Rxa2 45. Rb6 a5
46. Rxb7+ Kh6 47. Rb5 Kxh5 48. Rxe5+ 1/2-1/2

[Event "Montcalm IV 2015-16"]
[Site "Quebec CAN"]
[Date "2016.01.21"]
[Round "2"]
[White "Lamontagne, Danny"]
[Black "Sarra-Bournet, Marc"]
[Result "1/2-1/2"]
[WhiteElo "1828"]
[BlackElo "1856"]
[PlyCount "92"]
[EventDate "2016.01.14"]
[EventType "swiss"]
[EventRounds "5"]
[EventCountry "CAN"]

1. e4 e5 2. Nf3 Nc6 3. Bc4 Bc5 4. b4 Bxb4 5. c3 Ba5 6. d4 exd4 7. O-O Nge7 8.
Ng5 d5 9. exd5 Ne5 10. Qa4+ c6 11. dxc6 bxc6 12. cxd4 Nxc4 13. Qxc4 O-O 14. Nc3
h6 15. Nge4 Be6 16. Qa4 Nd5 17. Ne2 Qc7 18. Ba3 Rfd8 19. Bd6 Qb6 20. Rab1 Qa6
21. Rb2 Nb6 22. Qxc6 Bd7 23. Qc1 Nc4 24. Nc5 Qxd6 25. Qxc4 Bc7 26. f4 Bc6 27.
Nb7 Qg6 28. Rf2 Rd5 29. Nc3 Rf5 30. d5 Bxb7 31. Qxc7 Bxd5 32. Nxd5 Rxd5 33.
Rb8+ Rxb8 34. Qxb8+ Kh7 35. Qxa7 Rd1+ 36. Rf1 Rd2 37. Rf2 Qb1+ 38. Rf1 Qe4 39.
Rf2 Rd1+ 40. Rf1 Re1 41. Qf2 Re2 42. Qf3 Qd4+ 43. Kh1 Rxa2 44. h3 Rd2 45. f5
Qd5 46. Qxd5 Rxd5 1/2-1/2

[Event "Montcalm IV 2015-16"]
[Site "Quebec CAN"]
[Date "2016.01.21"]
[Round "2"]
[White "Ripoll, Arthur"]
[Black "Cummins, Paul"]
[Result "0-1"]
[WhiteElo "1704"]
[BlackElo "1719"]
[PlyCount "115"]
[EventDate "2016.01.14"]
[EventType "swiss"]
[EventRounds "5"]
[EventCountry "CAN"]

1. e4 e6 2. d4 c5 3. Nf3 cxd4 4. Nxd4 Nc6 5. Nb5 a6 6. Nd6+ Bxd6 7. Qxd6 Nge7
8. Bd3 O-O 9. O-O b5 10. Be3 Bb7 11. Nd2 Qb8 12. Qc5 f5 13. f4 d5 14. e5 Qe8
15. Nb3 Qg6 16. Qb6 Nd8 17. Na5 Bc6 18. Qc5 Re8 19. a4 d4 20. Nxc6 Ndxc6 21.
Bxd4 b4 22. a5 Red8 23. Bf2 Rd5 24. Qb6 Qe8 25. Bh4 Nc8 26. Qe3 Nxa5 27. Qf3
Nb6 28. Bf2 Nbc4 29. Bxc4 Nxc4 30. Be3 Qc6 31. b3 Nxe3 32. Qxe3 Rad8 33. Rf2
Rd1+ 34. Rf1 Rxf1+ 35. Kxf1 Qxc2 36. Re1 Rd1 37. Rxd1 Qxd1+ 38. Kf2 Qc2+ 39.
Kf1 Qc7 40. Kf2 a5 41. Qd3 Kf7 42. Qb5 Ke7 43. Kf1 Qc1+ 44. Kf2 Qxf4+ 45. Ke1
Qc1+ 46. Kf2 Qc7 47. Kf1 Qa7 48. Ke2 f4 49. Qc4 Qe3+ 50. Kf1 Qxe5 51. Qa6 Kf6
52. Qc8 Qd6 53. Qa8 Qd1+ 54. Kf2 Qxb3 55. Qf8+ Kg6 56. Qxf4 Qc2+ 57. Kf1 Qf5
58. g3 0-1

[Event "Montcalm IV 2015-16"]
[Site "Quebec CAN"]
[Date "2016.01.28"]
[Round "3"]
[White "Abran, David"]
[Black "Bahadi, Khalid"]
[Result "1-0"]
[WhiteElo "1809"]
[BlackElo "1976"]
[PlyCount "77"]
[EventDate "2016.01.14"]
[EventType "swiss"]
[EventRounds "5"]
[EventCountry "CAN"]

1. d4 d5 2. c4 c6 3. Nc3 Nf6 4. Nf3 e6 5. Bg5 Nbd7 6. e3 Bb4 7. Qb3 Qa5 8. a3
Bxc3+ 9. Qxc3 Qxc3+ 10. bxc3 Ne4 11. Rc1 e5 12. cxd5 cxd5 13. Bh4 f6 14. Bb5 g5
15. dxe5 O-O 16. e6 Ndc5 17. e7 Re8 18. Bxe8 Nd3+ 19. Ke2 Nxc1+ 20. Rxc1 Bg4
21. Ba4 Nd6 22. Bg3 Ne8 23. Rd1 Kf7 24. Rxd5 Kxe7 25. Rd4 Bh5 26. Rd7+ Kf8 27.
Bb3 Bg6 28. Nd4 Rc8 29. Kd2 a6 30. Ne6+ Kg8 31. Nxg5+ Kh8 32. Nf7+ Bxf7 33.
Rxf7 b5 34. Bf4 a5 35. Bh6 Nd6 36. Bg7+ Kg8 37. Rc7+ Nc4+ 38. Bxc4+ bxc4 39.
Rxc8+ 1-0

[Event "Montcalm IV 2015-16"]
[Site "Quebec CAN"]
[Date "2016.01.28"]
[Round "3"]
[White "Dube, Daniel"]
[Black "Lamontagne, Danny"]
[Result "1-0"]
[WhiteElo "1960"]
[BlackElo "1828"]
[PlyCount "67"]
[EventDate "2016.01.14"]
[EventType "swiss"]
[EventRounds "5"]
[EventCountry "CAN"]

1. d4 Nf6 2. c4 e5 3. dxe5 Ng4 4. Nf3 Bc5 5. e3 Nc6 6. Nc3 Ngxe5 7. Be2 Nxf3+
8. Bxf3 Ne5 9. O-O O-O 10. Ne4 Be7 11. c5 Nxf3+ 12. Qxf3 a5 13. Rd1 Ra6 14. Bd2
f5 15. Ng3 Bf6 16. Rab1 g6 17. b4 axb4 18. Bxb4 c6 19. Rd2 Qe8 20. a3 Rf7 21.
Qd1 Be5 22. Qc2 Qe6 23. Rbd1 b6 24. Ne2 f4 25. exf4 Bxf4 26. Nxf4 Rxf4 27. Re2
Qg4 28. Re8+ Rf8 29. Rxf8+ Kxf8 30. cxb6+ Kf7 31. h3 Qf5 32. Qxf5+ gxf5 33. b7
Bxb7 34. Rxd7+ 1-0

[Event "Montcalm IV 2015-16"]
[Site "Quebec CAN"]
[Date "2016.01.28"]
[Round "3"]
[White "Dube, Dominic"]
[Black "Ripoll, Arthur"]
[Result "1-0"]
[WhiteElo "1750"]
[BlackElo "1704"]
[PlyCount "105"]
[EventDate "2016.01.14"]
[EventType "swiss"]
[EventRounds "5"]
[EventCountry "CAN"]

1. e4 e5 2. Nf3 Nc6 3. Bc4 Bc5 4. d3 Nf6 5. a3 d6 6. Nc3 Be6 7. Bxe6 fxe6 8.
Be3 Bb6 9. h3 Qd7 10. Qd2 d5 11. exd5 exd5 12. Ne2 d4 13. Bg5 e4 14. dxe4 Nxe4
15. Qd3 Nxg5 16. Nxg5 O-O-O 17. Nf3 h6 18. O-O-O Rhe8 19. Rhe1 Ne5 20. Nxe5
Rxe5 21. Ng3 Rde8 22. Re4 Qd5 23. Rde1 c5 24. Rxe5 Rxe5 25. Rxe5 Qxe5 26. Qf5+
Qxf5 27. Nxf5 Kd7 28. Nxg7 Bd8 29. b3 Kd6 30. Kd1 Ke5 31. Ke2 b5 32. g4 a5 33.
a4 bxa4 34. bxa4 Bg5 35. Nf5 Kd5 36. h4 Bc1 37. Ne7+ Kd6 38. Ng6 Ke6 39. f4 Kf6
40. f5 Be3 41. Kd3 Bf2 42. Ke4 c4 43. Ne5 d3 44. cxd3 c3 45. d4 c2 46. Nd3 Bxh4
47. d5 Bg5 48. d6 c1=Q 49. Nxc1 Bxc1 50. Kd5 Ba3 51. Kc6 Kf7 52. d7 Be7 53. Kc7
1-0

[Event "Montcalm IV 2015-16"]
[Site "Quebec CAN"]
[Date "2016.01.28"]
[Round "3"]
[White "Gaulin, Gaetan"]
[Black "Cournoyer, Dominic"]
[Result "0-1"]
[WhiteElo "2020"]
[BlackElo "1992"]
[PlyCount "226"]
[EventDate "2016.01.14"]
[EventType "swiss"]
[EventRounds "5"]
[EventCountry "CAN"]

1. d4 d5 2. c4 e6 3. Nf3 f5 4. e3 Nf6 5. Nc3 c6 6. Bd3 Bd6 7. O-O O-O 8. b3 Bd7
9. Bb2 Be8 10. Qc1 Qe7 11. c5 Bc7 12. b4 Bh5 13. Ne5 Nbd7 14. f4 Ne4 15. Nxd7
Qxd7 16. Be2 Bxe2 17. Nxe2 Kh8 18. Nc3 Nf6 19. Qd2 Rg8 20. Kh1 g5 21. g3 g4 22.
Kg2 h5 23. Kf2 Kg7 24. Ke1 Rh8 25. Kd1 Rh6 26. Kc2 Rah8 27. Rf2 h4 28. Rg2 Kf8
29. Rag1 hxg3 30. hxg3 Qh7 31. Kb3 Rh1 32. Qf2 Rxg1 33. Qxg1 Qg7 34. Kc2 Rh6
35. Bc1 Qh7 36. Qf2 a5 37. a3 Qd7 38. Bd2 axb4 39. axb4 Qc8 40. Qf1 Qa8 41. Kb2
Kf7 42. Qa1 Qxa1+ 43. Kxa1 Ke7 44. Kb2 Nd7 45. Kb3 Rh1 46. Kb2 b6 47. Kc2 bxc5
48. bxc5 Kd8 49. Kd3 Nf6 50. Kc2 Kd7 51. Kb2 Bd8 52. Kc2 Ba5 53. Kd3 Bxc3 54.
Bxc3 Ne4 55. Bd2 Ra1 56. Kc2 Ra3 57. Bc1 Ra2+ 58. Bb2 Ke7 59. Kb3 Ra8 60. Kc2
Rh8 61. Bc3 Rh1 62. Bd2 Kd7 63. Kd3 Kc8 64. Bc3 Rf1 65. Ke2 Rc1 66. Bd2 Ra1 67.
Be1 Ra2+ 68. Kf1 Rxg2 69. Kxg2 Kb7 70. Kf1 Ka6 71. Ke2 Kb5 72. Kd3 Ka4 73. Kc2
Ka3 74. Kb1 Kb3 75. Kc1 Kc4 76. Kc2 Nf6 77. Bd2 Ne8 78. Ba5 Kb5 79. Bd8 Ng7 80.
Kb3 Ne8 81. Be7 Nc7 82. Bd8 Na6 83. Bb6 Nb4 84. Bd8 Nd3 85. Kc2 Kc4 86. Ba5 Nf2
87. Bd2 Nd3 88. Ba5 Nf2 89. Bd2 Nh3 90. Be1 Ng1 91. Ba5 Nf3 92. Bc3 Nh2 93. Be1
Nf1 94. Bf2 Kb4 95. Kb2 Ka4 96. Kc3 Ka3 97. Kc2 Nh2 98. Kc3 Nf3 99. Kc2 Ka4
100. Kc3 Kb5 101. Kb3 Nd2+ 102. Kc2 Ne4 103. Be1 Kc4 104. Ba5 Nxg3 105. Kd2
Ne4+ 106. Ke2 Kb3 107. Be1 Kc2 108. Bh4 Nc3+ 109. Ke1 Kd3 110. Bf2 Ne4 111. Bg1
g3 112. Kf1 Kd2 113. Kg2 Ke2 0-1

[Event "Montcalm IV 2015-16"]
[Site "Quebec CAN"]
[Date "2016.01.28"]
[Round "3"]
[White "Lessard, Claude"]
[Black "Beaudoin, Stephane"]
[Result "1/2-1/2"]
[WhiteElo "2004"]
[BlackElo "2153"]
[PlyCount "72"]
[EventDate "2016.01.14"]
[EventType "swiss"]
[EventRounds "5"]
[EventCountry "CAN"]

1. d4 Nf6 2. c4 g6 3. Nc3 Bg7 4. e4 O-O 5. Nf3 d6 6. Be2 c5 7. d5 e6 8. O-O
exd5 9. exd5 Na6 10. h3 Nc7 11. a4 Na6 12. Bf4 Nb4 13. Re1 a6 14. Bf1 Bf5 15.
Rc1 Qd7 16. Qd2 Rfe8 17. Kh2 h5 18. Ng5 Rxe1 19. Rxe1 Nc2 20. Rd1 Nd4 21. f3 h4
22. Qf2 Nh5 23. Bc1 Ng3 24. Nge4 Bxe4 25. fxe4 Re8 26. Bd3 Be5 27. Bf4 Qe7 28.
Kg1 Kg7 29. Bb1 f5 30. exf5 Ndxf5 31. Bxf5 gxf5 32. Bxe5+ Qxe5 33. a5 Re7 34.
Qf3 Kg6 35. Kf2 Ne4+ 36. Nxe4 Qxe4 1/2-1/2

[Event "Montcalm IV 2015-16"]
[Site "Quebec CAN"]
[Date "2016.01.28"]
[Round "3"]
[White "Plante, Rejean"]
[Black "Fecteau, Martin"]
[Result "1-0"]
[WhiteElo "2084"]
[BlackElo "2006"]
[PlyCount "135"]
[EventDate "2016.01.14"]
[EventType "swiss"]
[EventRounds "5"]
[EventCountry "CAN"]

1. Nf3 Nf6 2. c4 c5 3. d4 cxd4 4. Nxd4 Nc6 5. Nc3 d6 6. e4 g6 7. Be2 Bg7 8. Be3
Bd7 9. Nc2 Rc8 10. f3 Qa5 11. Qd2 Ne5 12. Na3 a6 13. O-O Be6 14. Nd5 Qxd2 15.
Bxd2 Bxd5 16. cxd5 O-O 17. Rac1 Ned7 18. Nc4 b6 19. Be3 Rb8 20. Rc2 a5 21. Na3
Nc5 22. Nb5 Rb7 23. Nd4 Nfd7 24. Bb5 Rc7 25. Rfc1 Ne5 26. b3 Ra7 27. Rd1 h5 28.
h3 Rc7 29. Kf1 Rd8 30. a3 Rb7 31. b4 axb4 32. axb4 Ned7 33. Nc6 Re8 34. bxc5
bxc5 35. Bc4 Ne5 36. Nxe5 Bxe5 37. f4 Bg7 38. Ke2 Ra8 39. g4 hxg4 40. hxg4 Ra4
41. Bd2 Ra3 42. Be3 Rb4 43. e5 Raa4 44. Rdc1 Rb8 45. Kd3 dxe5 46. Bxc5 Rb7 47.
f5 gxf5 48. gxf5 Kf8 49. Rg2 Bf6 50. Rcg1 Ke8 51. Rg8+ Kd7 52. Re1 Ra5 53. Be3
Rb4 54. Rc1 Ra3+ 55. Ke2 Raa4 56. Rg4 Rb2+ 57. Bd2 Ra8 58. Kd3 Ra3+ 59. Bc3 Rf2
60. Bb5+ Kd6 61. Kc4 Raa2 62. Bb4+ Kc7 63. Kb3+ Kb7 64. Bc6+ Kc7 65. Kc4 Rxf5
66. Kb5 Rf4 67. Rxf4 exf4 68. d6+ 1-0